Rendimiento de los productos Caterpillar
Furkejuvvon:
| Searvvušdahkki: | |
|---|---|
| Materiálatiipa: | Girji |
| Giella: | espánnjágiella |
| Almmustuhtton: |
Caterpillar
1981
|
| Fáttát: | |
| Fáddágilkorat: |
Lasit fáddágilkoriid
Eai fáddágilkorat, Lasit vuosttaš fáddágilkora!
|
MARC
| LEADER | 00000nam a2200000 a 4500 | ||
|---|---|---|---|
| 001 | UCI5914 | ||
| 003 | CL-VaPUC | ||
| 008 | 080411e19810000us |||||||||||||||||spa|d | ||
| 082 | 0 | 4 | |a 631.372 |b CAT |2 21 |
| 110 | 2 | |a Caterpillar Tractor Co |e author |9 528565 | |
| 245 | 1 | 0 | |a Rendimiento de los productos Caterpillar |
| 246 | 1 | 0 | |a Manual de métodos y equipo Caterpillar |
| 300 | |a 506 p | ||
| 942 | |c BK | ||
| 945 | |d 20080411 00:00:00 |a jtorresc | ||
| 260 | |b Caterpillar |c 1981 | ||
| 600 | 0 | 7 | |a COMPAÑIA TRACTOR CATERPILLAR |2 CL-VaPUC |9 528566 |
| 650 | 7 | |a TRACTORES |2 CL-VaPUC |9 326395 | |
| 650 | 7 | |a EQUIPO DE CONSTRUCCION |2 CL-VaPUC |9 260951 | |
| 650 | 7 | |a EXCAVADORAS |2 CL-VaPUC |9 266899 | |
| 650 | 0 | |a Diseño y construcción |9 260862 | |
| 650 | 0 | |a Motores |9 334293 | |
| 650 | 7 | |a MANTENCION DE MAQUINARIAS |2 CL-VaPUC |9 528567 | |
| 583 | |a last modification |c 20130807 02:54:57 |k Rodrigo Vera | ||
| 999 | |c 329554 |d 329552 | ||